ბათუმის შოთა რუსთაველის სახელმწიფო უნივერსიტეტის ბიბლიოთეკა

Социальная педагогика. №4-5. 2017 (ბიბ.ჩანაწერი № 56023)

000 -LEADER
fixed length control field 00895nam a2200241Ia 4500
001 - CONTROL NUMBER
control field 23123
003 - CONTROL NUMBER IDENTIFIER
control field GE_BSU
008 - FIXED-LENGTH DATA ELEMENTS--GENERAL INFORMATION
fixed length control field 181216s||||||||xx |||||||||||||| ||und||
040 ## - CATALOGING SOURCE
Transcribing agency GE_BSU
080 ## - UNIVERSAL DECIMAL CLASSIFICATION NUMBER
Universal Decimal Classification number პერიოდიკა
245 ## - TITLE STATEMENT
Title Социальная педагогика. №4-5. 2017
245 ## - TITLE STATEMENT
Remainder of title практический журнал для социальных работников и педагогов
245 ## - TITLE STATEMENT
Statement of responsibility, etc. ред.М.П. Гурьянова
260 ## - PUBLICATION, DISTRIBUTION, ETC.
Place of publication, distribution, etc. Москва
260 ## - PUBLICATION, DISTRIBUTION, ETC.
Name of publisher, distributor, etc. Народное образование
260 ## - PUBLICATION, DISTRIBUTION, ETC.
Date of publication, distribution, etc. 2017
300 ## - PHYSICAL DESCRIPTION
Extent 162 стр. 28 см.
653 ## - INDEX TERM--UNCONTROLLED
Uncontrolled term Периодика
653 ## - INDEX TERM--UNCONTROLLED
Uncontrolled term практический журнал для социальных работников и педагогов
653 ## - INDEX TERM--UNCONTROLLED
Uncontrolled term Социальная педагогика. №4-. 2017
653 ## - INDEX TERM--UNCONTROLLED
Uncontrolled term პერიოდიკა
942 ## - ADDED ENTRY ELEMENTS (KOHA)
Koha item type პერიოდიკა
ეგზემპლარები
Withdrawn status Lost status Damaged status Not for loan Date acquired Barcode Date last seen Price effective from Koha item type Public note
        2018-12-17 79595 2018-12-17 2018-12-17 პერიოდიკა პერიოდიკა